000 nam a22 7a 4500
999 _c10518
_d10518
008 180219b ||||| |||| 00| 0 eng d
100 _aMishra,A.M.etal.
_96429
245 _aGrow with Environment Science-5
260 _aNew Delhi
_bBDP
_c2011